Обучающая система "Robotino" для мобильной робототехники; Вестник науки Сибири; № 1 (1)

Dades bibliogràfiques
Parent link:Вестник науки Сибири: электронный научный журнал/ Томский политехнический университет (ТПУ).— , 2011-.— 2226-0064
№ 1 (1).— 2011.— [С. 234-237]
Autor principal: Михайлов В. В. Валерий Васильевич
Altres autors: Михайлов В. Г. Виталий Геннадьевич, Рожнев И. Н. Иван Николаевич
Sumari:Заглавие с титульного листа
Представлены основные характеристики мобильных систем на примере использования подвижного робототехнического комплекса Robotino. Описана конструкция и принцип всенаправленного движения. Приведен пример построения в оболочке "Robotino View" учебной программы перемещения Robotino.
Idioma:rus
Publicat: 2011
Col·lecció:Информационные технологии и системы управления
Matèries:
Accés en línia:http://earchive.tpu.ru/handle/11683/14929
Format: Electrònic Capítol de llibre
KOHA link:https://koha.lib.tpu.ru/cgi-bin/koha/opac-detail.pl?biblionumber=477536

MARC

LEADER 00000naa2a2200000 4500
001 477536
005 20231101092937.0
035 |a (RuTPU)RU\TPU\prd\144295 
035 |a RU\TPU\prd\144278 
090 |a 477536 
100 |a 20120619d2011 k y0rusy50 ca 
101 0 |a rus 
102 |a RU 
135 |a drnn ---uucaa 
181 0 |a i  
182 0 |a b 
200 1 |a Обучающая система "Robotino" для мобильной робототехники  |f В. В. Михайлов, В. Г. Михайлов, И. Н. Рожнев 
203 |a Текст  |c электронный 
215 |a 1 файл (834 Кб) 
225 1 |a Информационные технологии и системы управления 
230 |a Электронные текстовые данные (1 файл : 834 Кб) 
300 |a Заглавие с титульного листа 
320 |a [Библиогр.: с. 237 (3 назв.)] 
330 |a Представлены основные характеристики мобильных систем на примере использования подвижного робототехнического комплекса Robotino. Описана конструкция и принцип всенаправленного движения. Приведен пример построения в оболочке "Robotino View" учебной программы перемещения Robotino. 
337 |a Adobe Reader 
461 1 |0 (RuTPU)RU\TPU\prd\143680  |x 2226-0064  |t Вестник науки Сибири  |o электронный научный журнал  |f Томский политехнический университет (ТПУ)  |d 2011- 
463 1 |0 (RuTPU)RU\TPU\prd\143681  |t № 1 (1)  |v [С. 234-237]  |d 2011 
610 1 |a мобильная робототехника 
610 1 |a мобильные роботы 
610 1 |a основные характеристики 
610 1 |a мобильные системы 
610 1 |a обучающие системы 
610 1 |a робототехнические комплексы 
610 1 |a Robotino 
610 1 |a датчики 
610 1 |a труды учёных ТПУ 
610 1 |a электронный ресурс 
675 |a 621.865.8  |v 3 
700 1 |a Михайлов  |b В. В.  |c специалист в области автоматики и вычислительной техники  |c доцент Томского политехнического университета, кандидат технических наук  |f 1946-  |g Валерий Васильевич  |2 stltpush  |3 (RuTPU)RU\TPU\pers\29658 
701 1 |a Михайлов  |b В. Г.  |c специалист в области автоматики и вычислительной техники  |c магистрант Томского политехнического университета  |f 1987-  |g Виталий Геннадьевич  |2 stltpush  |3 (RuTPU)RU\TPU\pers\29659 
701 1 |a Рожнев  |b И. Н.  |c специалист в области информатики и вычислительной техники  |c ассистент Томского политехнического университета  |f 1984-  |g Иван Николаевич  |2 stltpush  |3 (RuTPU)RU\TPU\pers\29342 
801 1 |a RU  |b 63413507  |c 20090623  |g PSBO 
801 2 |a RU  |b 63413507  |c 20180116  |g PSBO 
856 4 |u http://earchive.tpu.ru/handle/11683/14929 
942 |c BK